000 00650cam a22002172 4500
001 0000020330
005 20151217161200.0
008 110912s xx 000 0 eng d
020 _a0199567065
040 _aKABU
_cKABU
245 1 0 _aOxford dictionary of quotations by subject /
_cedited by Susan Ratcliffe.
250 _a2nd ed.
260 _aOxford :
_bO. U. P.,
_c2010.
300 _axi, 574 p.
650 0 _aQuotations.
_@0000054200
650 0 _aQoutations
_xEnglish.
_@0000180502
700 1 _aRatcliffe, Susan.
_@0000180554
852 1 _9p1540 KES
908 _a110912
950 _@1
999 _c15237
_d15237